01656nam a22003611a 4500001001200000003000800012006001900020007001500039008004100054010001700095020001500112040002100127035002100148050002300169082002300192245017100215260005800386300001400444500011700458504006200575533015200637650005200789650003600841651008000877651004600957651005401003655002901057700002601086700002201112710001701134856012601151999001701277ebr10038592CaPaEBRm u cr cn|||||||||030522s2002 dcu sb f001 0 eng d z 2003544885 z030908606X aCaPaEBRcCaPaEBR a(OCoLC)61452246114aUC263b.R45 2002eb04a355.6/212/097322200aReliability issues for DoD systemsh[electronic resource] :breport of a workshop /cCommittee on National Statistics, Francisco Samaniego and Michael Cohen, editors. aWashington, D.C. :bNational Academies Press,cc2002. aix, 94 p. a"Division of Behavioral and Social Sciences and Education, National Research Council of the National Academies." aIncludes bibliographical references (p. 79-82) and index. aElectronic reproduction.bPalo Alto, Calif. :cebrary,d2009.nAvailable via World Wide Web.nAccess may be limited to ebrary affiliated libraries. 0aReliability (Engineering)xStatistical methods. 0aComputer programsxReliability. 0aUnited StatesxArmed ForcesxWeapons systemsxTestingxStatistical methods. 0aUnited StatesxArmed ForcesxProcurement. 0aUnited StatesxArmed ForcesxSupplies and stores. 7aElectronic books.2local1 aSamaniego, Francisco.1 aCohen, Michael L.2 aebrary, Inc.40uhttp://site.ebrary.com/lib/rucke/Doc?id=10038592zAn electronic book accessible through the World Wide Web; click to view c57537d57537